000 00690nam a22001937a 4500
005 20130802151514.0
010 _aB-516022-036
020 _a9788176760720
_c395.00
035 _aB-5616022-036
037 _adpl
_bUBH/Ven
082 _a725.940954
100 _aMetha, Nita
245 _aTell Me About Monuments Of India/
_cby Nita Metha
260 _aNew Delhi
_bNita Metha
_c2011
270 _a3A/3, Asaf Ali Road
_bNew Delhi
_e110002
_k2350091, 29214011, 23252948
_mnitametha@nitametha.com
300 _a144p.
_bcol.ill
_c24cm.(Hb)
942 _2ddc
_cCH
_mMEH
_h725.940954
999 _c78322
_d78322